Złota Piłka 2023 - Top 10 - Statystyki

Ogólne statystyki
  • Ten quiz został rozwiązany 930 razy
  • Średni wynik to 9 z 10
Statystyki odpowiedzi
Lp. Klub Kraj Zawodnik % Poprawnych
1 Inter Miami Argentyna Lionel Messi
99%
2 Man City Norwegia Erling Haaland
98%
3 PSG Francja Kylian Mbappe
98%
10 Real Madryt Chorwacja Luka Modric
96%
4 Man City Belgia Kevin De Bruyne
94%
5 Man City Hiszpania Rodri
93%
6 Real Madryt Brazylia Vinicius Junior
92%
9 Man City Portugalia Bernardo Silva
82%
7 Man City Argentyna Julian Alvarez
76%
8 Napoli Nigeria Victor Osimhen
64%
Nie znaleziono quizów pasujących do podanych kryteriów
Rozkład punktacji
Procent ludzi z każdym wynikiem
Percentyl według liczby udzielonych odpowiedzi
Twoja historia wyników
Nie rozwiązałeś tego quizu